000 00321nam a2200145Ia 4500
008 240830s1901 xx 000 0 und d
041 _aeng
082 _a0 PAT
100 _aPATHAK BALKRISHNA
245 _aMANSROG VIDNYANA
260 _bN.D.
_c1901
650 _aROG-NIDAN
906 _aN.D.
999 _c1184301
_d1184301